Principles of Insurance Management (Record no. 5773)
[ view plain ]
| 000 -LEADER | |
|---|---|
| fixed length control field | 00346nam a2200145Ia 4500 |
| 008 - FIXED-LENGTH DATA ELEMENTS--GENERAL INFORMATION | |
| fixed length control field | 191201s2012 xx 000 0 und d |
| 082 ## - DEWEY DECIMAL CLASSIFICATION NUMBER | |
| Classification number | 368.32 |
| Item number | PRG |
| 100 ## - MAIN ENTRY--PERSONAL NAME | |
| Personal name | GULATI, Neelam C |
| 245 #0 - TITLE STATEMENT | |
| Title | Principles of Insurance Management |
| 250 ## - EDITION STATEMENT | |
| Edition statement | Rep |
| 260 ## - PUBLICATION, DISTRIBUTION, ETC. (IMPRINT) | |
| Place of publication, distribution, etc | N. Delhi |
| Name of publisher, distributor, etc | Excel Books |
| Date of publication, distribution, etc | 2012 |
| 300 ## - PHYSICAL DESCRIPTION | |
| Extent | 342 |
| 650 ## - SUBJECT ADDED ENTRY--TOPICAL TERM | |
| Topical term or geographic name as entry element | BBA |
| 942 ## - ADDED ENTRY ELEMENTS (KOHA) | |
| Source of classification or shelving scheme | Dewey Decimal Classification |
| Koha item type | Text Books |
| Withdrawn status | Lost status | Source of classification or shelving scheme | Damaged status | Not for loan | Collection code | Home library | Current library | Date acquired | Source of acquisition | Cost, normal purchase price | Bill Number | Total Checkouts | Full call number | Acc. no. / Barcode | Date last seen | Date last borrowed | Bill Date | Koha item type | Public note |
|---|---|---|---|---|---|---|---|---|---|---|---|---|---|---|---|---|---|---|---|
| Dewey Decimal Classification | BBA | PIET C-LIBRARY | PIET C-LIBRARY | 28/11/2013 | IBH, New Delhi | 300.00 | 15735 | 2 | 368.32 GUP | 22848 | 15/04/2025 | 01/04/2025 | 26/11/2013 | Text Books | |||||
| Dewey Decimal Classification | BBA | PIET C-LIBRARY | PIET C-LIBRARY | 28/11/2013 | IBH, New Delhi | 300.00 | 15735 | 5 | 368.32 GUP | 22849 | 04/05/2026 | 21/04/2026 | 26/11/2013 | Text Books | |||||
| Dewey Decimal Classification | BBA | PIET C-LIBRARY | PIET C-LIBRARY | 28/11/2013 | IBH, New Delhi | 300.00 | 15735 | 1 | 368.32 PRG | 22850 | 18/11/2023 | 22/01/2022 | 26/11/2013 | Text Books | . | ||||
| Dewey Decimal Classification | BBA | PIET C-LIBRARY | PIET C-LIBRARY | 28/11/2013 | IBH, New Delhi | 300.00 | 15735 | 1 | 368.32 GUP | 22851 | 19/04/2025 | 10/04/2025 | 26/11/2013 | Text Books | |||||
| Dewey Decimal Classification | BBA | PIET C-LIBRARY | PIET C-LIBRARY | 28/11/2013 | IBH, New Delhi | 300.00 | 15735 | 4 | 368.32 GUP | 22852 | 01/10/2024 | 24/04/2024 | 26/11/2013 | Text Books |